| 000 | 00438nam a2200157Ia 4500 | ||
|---|---|---|---|
| 003 | GCL | ||
| 008 | 140319s9999 xx 000 0 ara d | ||
| 040 |
_aGCL / _cGCL |
||
| 082 | 0 | 4 |
_aط _b922.1 _bهـ ع |
| 100 | 1 | _aهلا حسن | |
| 245 | 1 | 0 |
_aعقبة بن نافع الفهرى: فاتح افريقية / _cهلا حسن |
| 300 | _a16 ص | ||
| 490 |
_aمشاهير الفاتحين _v0 |
||
| 650 | 0 | 4 | _aالاسلام |
| 942 |
_2ddc _cBK |
||
| 999 |
_c46471 _d46471 |
||